| 000 | 00760cam a22002533a 4500 | ||
|---|---|---|---|
| 001 | 19322 | ||
| 003 | PGUSA | ||
| 005 | 20140828083417.0 | ||
| 008 | 060918s2006||||xxu|||||s|||||000 | eng d | ||
| 040 |
_aPGUSA _beng |
||
| 042 | _adc | ||
| 050 | 4 | _aB | |
| 100 | 1 |
_aNietzsche, Friedrich Wilhelm, _d1844-1900 |
|
| 245 | 1 | 4 |
_aThe Antichrist _h[electronic resource] / _cFriedrich Wilhelm Nietzsche |
| 260 |
_bProject Gutenberg, _c2006 |
||
| 506 | _aPublic domain in the USA. | ||
| 516 | _aElectronic text | ||
| 653 | _aPhilosophy, German | ||
| 653 | _aChristianity -- Controversial literature | ||
| 700 | 1 |
_aMencken, H. L. _q(Henry Louis), _d1880-1956 |
|
| 830 | 0 |
_aProject Gutenberg _v19322 |
|
| 856 | 4 | 0 | _uhttp://www.gutenberg.org/ebooks/19322 |
| 942 | _cEB | ||
| 999 |
_c248577 _d248577 |
||